[Event "10. Copenhagen Open"]
[Site "Copenhagen"]
[Date "1988.??.??"]
[Round "5"]
[White "Sorensen, Henrik"]
[Black "Jadoul, Michel"]
[Result "1-0"]
[WhiteElo "2265"]
[BlackElo "2400"]
[PlyCount "75"]
[EventDate "1988.??.??"]
[EventType "swiss"]
[EventRounds "10"]
[EventCountry "DEN"]
[SourceDate "2004.01.01"]

1. d4 Nf6 2. c3 g6 3. Bg5 Bg7 4. Nd2 O-O 5. e4 d6 6. Ngf3 Nbd7 7. Bc4 c6 8. O-O
Qc7 9. Re1 e5 10. dxe5 dxe5 11. a4 Nc5 12. Qc2 a5 13. h3 Re8 14. Be3 Ne6 15.
Bf1 Bf8 16. Nc4 Nc5 17. Bg5 Nh5 18. b4 axb4 19. cxb4 Ne6 20. Be3 Bxb4 21. Reb1
Bf8 22. Bb6 Qb8 23. Nfxe5 Ng5 24. Bd4 Bg7 25. Nxc6 Qf4 26. Bxg7 Kxg7 27. Nb6
bxc6 28. Qc3+ Kg8 29. Nxa8 Bxh3 30. Nb6 Qg4 31. Rb2 Qf4 32. Qe3 Qe5 33. Nc4 Qf6
34. e5 Qf5 35. Nd6 Qxe5 36. Qxe5 Rxe5 37. gxh3 Nf4 38. Rb3 1-0

[Event "10. Copenhagen Open"]
[Site "Copenhagen"]
[Date "1988.??.??"]
[Round "5"]
[White "Vaganian, Rafael A"]
[Black "Levitt, Jonathan"]
[Result "1-0"]
[WhiteElo "2625"]
[BlackElo "2440"]
[PlyCount "62"]
[EventDate "1988.??.??"]
[EventType "swiss"]
[EventRounds "10"]
[EventCountry "DEN"]
[SourceDate "2004.01.01"]

1. Nf3 Nf6 2. c4 b6 3. g3 Bb7 4. Bg2 e6 5. O-O Be7 6. Nc3 O-O 7. Re1 d5 8. cxd5
exd5 9. d4 c5 10. Bf4 Na6 11. Ne5 Nc7 12. dxc5 bxc5 13. Nc4 dxc4 14. Bxb7 Rb8
15. Qxd8 Bxd8 16. Bf3 Rxb2 17. Red1 Nb5 18. Nxb5 Rxb5 19. Bd6 Ba5 20. Bxf8 Kxf8
21. Rab1 Rxb1 22. Rxb1 Bd2 23. e3 c3 24. Bd1 Nd5 25. a3 Ke7 26. Rb7+ Kd6 27.
Rxa7 Nb6 28. Kf1 Nd7 29. Ke2 f5 30. Ba4 Nb6 31. Bc2 g6 1-0

[Event "10. Copenhagen Open"]
[Site "Copenhagen"]
[Date "1988.??.??"]
[Round "5"]
[White "Wegner, Hannu"]
[Black "Bergmann, Jesper"]
[Result "1-0"]
[WhiteElo "2320"]
[BlackElo "2245"]
[PlyCount "55"]
[EventDate "1988.??.??"]
[EventType "swiss"]
[EventRounds "10"]
[EventCountry "DEN"]
[SourceDate "2004.01.01"]

1. e4 c6 2. d4 d5 3. exd5 cxd5 4. c4 Nf6 5. Nc3 e6 6. Nf3 Be7 7. cxd5 Nxd5 8.
Bd3 Nc6 9. O-O O-O 10. Re1 Ncb4 11. Bb1 Nf6 12. Ne5 Bd7 13. Re3 Bc6 14. Rg3 Re8
15. h4 Nbd5 16. h5 Nxc3 17. bxc3 Be4 18. Bh6 Bf8 19. Bxg7 Bxg7 20. h6 Bg6 21.
hxg7 Qe7 22. Bxg6 hxg6 23. Qd3 Kxg7 24. Re1 Rg8 25. Ree3 Kf8 26. Ref3 Rd8 27.
Rxg6 fxg6 28. Nxg6+ 1-0

[Event "10. Copenhagen Open"]
[Site "Copenhagen"]
[Date "1988.??.??"]
[Round "6"]
[White "Andreasson, Ingvar"]
[Black "Davies, Nigel"]
[Result "1/2-1/2"]
[WhiteElo "2335"]
[BlackElo "2450"]
[PlyCount "27"]
[EventDate "1988.??.??"]
[EventType "swiss"]
[EventRounds "10"]
[EventCountry "DEN"]
[SourceDate "2004.01.01"]

1. b3 d5 2. Bb2 Bg4 3. Nf3 Bxf3 4. gxf3 e6 5. e3 Nf6 6. c4 c6 7. Qc2 Nbd7 8.
Nc3 a6 9. f4 g6 10. Bg2 Bg7 11. Ne2 O-O 12. Rc1 Nb6 13. O-O Nc8 14. Be5 1/2-1/2

[Event "10. Copenhagen Open"]
[Site "Copenhagen"]
[Date "1988.??.??"]
[Round "6"]
[White "Berg, Klaus"]
[Black "Riemersma, Liafbern"]
[Result "1/2-1/2"]
[WhiteElo "2370"]
[BlackElo "2420"]
[PlyCount "26"]
[EventDate "1988.??.??"]
[EventType "swiss"]
[EventRounds "10"]
[EventCountry "DEN"]
[SourceDate "2004.01.01"]

1. e4 c5 2. Nc3 e6 3. f4 d5 4. Bb5+ Bd7 5. Bxd7+ Qxd7 6. d3 Ne7 7. Nf3 g6 8.
Ne5 Qc7 9. Qf3 Nbc6 10. Nxc6 Qxc6 11. exd5 Nxd5 12. Nxd5 Qxd5 13. Qxd5 exd5
1/2-1/2

[Event "10. Copenhagen Open"]
[Site "Copenhagen"]
[Date "1988.??.??"]
[Round "6"]
[White "Bergmann, Jesper"]
[Black "Pieniazek, Artur"]
[Result "1/2-1/2"]
[WhiteElo "2245"]
[BlackElo "2275"]
[PlyCount "25"]
[EventDate "1988.??.??"]
[EventType "swiss"]
[EventRounds "10"]
[EventCountry "DEN"]
[SourceDate "2004.01.01"]

1. g3 Nf6 2. d4 d5 3. Bg2 g6 4. c4 Bg7 5. cxd5 Nxd5 6. Nc3 Nxc3 7. bxc3 c5 8.
e3 O-O 9. Ne2 Nc6 10. O-O cxd4 11. cxd4 Be6 12. Bb2 Bd5 13. Bxd5 1/2-1/2

[Event "10. Copenhagen Open"]
[Site "Copenhagen"]
[Date "1988.??.??"]
[Round "6"]
[White "Bern, Ivar"]
[Black "Nerlov, Claus"]
[Result "1-0"]
[WhiteElo "2340"]
[BlackElo "2265"]
[PlyCount "67"]
[EventDate "1988.??.??"]
[EventType "swiss"]
[EventRounds "10"]
[EventCountry "DEN"]
[SourceDate "2004.01.01"]

1. c4 Nf6 2. Nc3 g6 3. g3 Bg7 4. Bg2 O-O 5. d4 d6 6. Nf3 Nc6 7. O-O a6 8. b3
Rb8 9. e3 b5 10. Qe2 e5 11. cxb5 axb5 12. Nxb5 Ba6 13. a4 Na7 14. dxe5 Nd7 15.
Qc2 Nxe5 16. Bb2 Nxf3+ 17. Bxf3 Bxb2 18. Qxb2 Bxb5 19. axb5 Nxb5 20. Bc6 Rb6
21. Rfc1 Qg5 22. Ra5 Rfb8 23. Rxb5 Rxb5 24. Bxb5 Qxb5 25. Rxc7 h5 26. b4 h4 27.
Qf6 Qd5 28. Qxh4 Qd1+ 29. Kg2 Qd5+ 30. e4 Qd4 31. Qe7 Kh8 32. h4 d5 33. Qxf7
Qxe4+ 34. Kh2 1-0

[Event "10. Copenhagen Open"]
[Site "Copenhagen"]
[Date "1988.??.??"]
[Round "6"]
[White "Bjerring, Kai"]
[Black "Ernst, Thomas"]
[Result "0-1"]
[WhiteElo "2305"]
[BlackElo "2455"]
[PlyCount "116"]
[EventDate "1988.??.??"]
[EventType "swiss"]
[EventRounds "10"]
[EventCountry "DEN"]
[SourceDate "2004.01.01"]

1. Nf3 c5 2. c4 Nc6 3. g3 e5 4. Nc3 g6 5. Bg2 Bg7 6. d3 Nge7 7. Rb1 O-O 8. a3
a5 9. O-O d6 10. Ne1 Be6 11. Nd5 Rb8 12. Nxe7+ Nxe7 13. b4 axb4 14. axb4 cxb4
15. Rxb4 d5 16. Nc2 Nc6 17. Ra4 dxc4 18. dxc4 b5 19. Ra6 Nd4 20. Nxd4 Qxd4 21.
Qxd4 exd4 22. Bf4 bxc4 23. Bxb8 Rxb8 24. Rfa1 d3 25. Ra8 Bxa1 26. Rxb8+ Kg7 27.
exd3 c3 28. Rb7 Bb2 29. Rc7 Bb3 30. d4 c2 31. Bd5 Ba4 32. Rxf7+ Kh6 33. Rc7
c1=Q+ 34. Rxc1 Bxc1 35. Be4 Bb2 36. d5 Kg5 37. Kg2 Kf6 38. f4 Bd7 39. Kf3 h5
40. Kf2 Bd4+ 41. Kg2 Bc5 42. Bd3 Bd6 43. h3 h4 44. gxh4 Bxf4 45. h5 gxh5 46. h4
Bg4 47. Bh7 Bd6 48. Bg8 Kf5 49. Bf7 Kf4 50. Be6 Bf3+ 51. Kh2 Be7 52. Bh3 Bxh4
53. Bg2 Bg4 54. d6 Ke5 55. d7 Bxd7 56. Bf3 Bg4 57. Bc6 Kf4 58. Kg2 Be7 0-1

[Event "10. Copenhagen Open"]
[Site "Copenhagen"]
[Date "1988.??.??"]
[Round "6"]
[White "Brinck Claussen, Bjorn"]
[Black "Hansen, Soren Bech"]
[Result "1/2-1/2"]
[WhiteElo "2370"]
[BlackElo "2255"]
[PlyCount "50"]
[EventDate "1988.??.??"]
[EventType "swiss"]
[EventRounds "10"]
[EventCountry "DEN"]
[SourceDate "2004.01.01"]

1. e4 c5 2. Nf3 Nc6 3. d4 cxd4 4. Nxd4 Qb6 5. Nb3 Nf6 6. Nc3 e6 7. Bd3 a6 8.
O-O Qc7 9. f4 d6 10. Qf3 Be7 11. Bd2 O-O 12. Rae1 b5 13. e5 dxe5 14. fxe5 Nd7
15. Bf4 Bb7 16. Qg3 g6 17. Nd5 exd5 18. e6 Qb6+ 19. Be3 d4 20. Bh6 Nde5 21.
Bxf8 Rxf8 22. exf7+ Rxf7 23. Rxe5 Nxe5 24. Qxe5 Qc6 25. Qe2 Rxf1+ 1/2-1/2

[Event "10. Copenhagen Open"]
[Site "Copenhagen"]
[Date "1988.??.??"]
[Round "6"]
[White "Clausen, Steen"]
[Black "Hartung Nielsen, Jens"]
[Result "1/2-1/2"]
[WhiteElo "2270"]
[BlackElo "2270"]
[PlyCount "60"]
[EventDate "1988.??.??"]
[EventType "swiss"]
[EventRounds "10"]
[EventCountry "DEN"]
[SourceDate "2004.01.01"]

1. c4 c5 2. Nc3 g6 3. g3 Bg7 4. Bg2 Nc6 5. a3 a5 6. e3 e5 7. Nge2 Nge7 8. Nd5
O-O 9. Nec3 d6 10. O-O Be6 11. d3 Rb8 12. Bd2 f5 13. Rb1 g5 14. Nxe7+ Nxe7 15.
b4 axb4 16. axb4 b6 17. bxc5 dxc5 18. Qe2 Qd7 19. Rfd1 f4 20. Be4 f3 21. Bxf3
Rxf3 22. Qxf3 Bg4 23. Qe4 Rf8 24. f4 exf4 25. exf4 gxf4 26. gxf4 Bf5 27. Qg2
Bh3 28. Qe4 Bf5 29. Qg2 Bh3 30. Qe4 Bf5 1/2-1/2

[Event "10. Copenhagen Open"]
[Site "Copenhagen"]
[Date "1988.??.??"]
[Round "6"]
[White "Conquest, Stuart"]
[Black "Schandorff, Lars"]
[Result "1-0"]
[WhiteElo "2315"]
[BlackElo "2400"]
[PlyCount "69"]
[EventDate "1988.??.??"]
[EventType "swiss"]
[EventRounds "10"]
[EventCountry "DEN"]
[SourceDate "2004.01.01"]

1. d4 Nf6 2. c4 e6 3. Nc3 Bb4 4. e3 O-O 5. Bd3 d5 6. Nf3 b6 7. cxd5 exd5 8. O-O
Re8 9. Ne5 Bb7 10. Qa4 Bd6 11. f4 c5 12. Bd2 a6 13. Be1 b5 14. Qd1 c4 15. Bc2
Nbd7 16. Bh4 Be7 17. Qf3 Nf8 18. Bxf6 Bxf6 19. Rad1 Be7 20. Qh5 g6 21. Qg4 Bf6
22. Qg3 Qd6 23. e4 b4 24. Ng4 Bg7 25. e5 Qd8 26. Ne2 f5 27. Bxf5 h5 28. Bxg6 h4
29. Qe3 Nxg6 30. f5 Bc8 31. Nh6+ Kh7 32. fxg6+ Kxg6 33. Nf7 Qe7 34. Nf4+ Kh7
35. Nxd5 1-0

[Event "10. Copenhagen Open"]
[Site "Copenhagen"]
[Date "1988.??.??"]
[Round "6"]
[White "Groszpeter, Attila"]
[Black "Vaganian, Rafael A"]
[Result "1/2-1/2"]
[WhiteElo "2495"]
[BlackElo "2625"]
[PlyCount "25"]
[EventDate "1988.??.??"]
[EventType "swiss"]
[EventRounds "10"]
[EventCountry "DEN"]
[SourceDate "2004.01.01"]

1. d4 Nf6 2. c4 c5 3. d5 b5 4. Bg5 Ne4 5. Bf4 d6 6. Nd2 Nxd2 7. Bxd2 bxc4 8. e4
Nd7 9. Qa4 Qb6 10. Rb1 Ba6 11. Bxc4 Bxc4 12. Qxc4 Rb8 13. Nf3 1/2-1/2

[Event "10. Copenhagen Open"]
[Site "Copenhagen"]
[Date "1988.??.??"]
[Round "6"]
[White "Hoi, Carsten"]
[Black "Schulz, Klaus Jurgen"]
[Result "1/2-1/2"]
[WhiteElo "2405"]
[BlackElo "2345"]
[PlyCount "108"]
[EventDate "1988.??.??"]
[EventType "swiss"]
[EventRounds "10"]
[EventCountry "DEN"]
[SourceDate "2004.01.01"]

1. d4 e6 2. c4 f5 3. g3 Nf6 4. Bg2 Be7 5. Nf3 O-O 6. d5 Ne4 7. O-O Bf6 8. Nbd2
Nxd2 9. Qxd2 d6 10. dxe6 Nc6 11. Qc2 Bxe6 12. Rd1 Qe7 13. Be3 Rae8 14. Rac1 b6
15. a3 Bd7 16. b4 Ne5 17. c5 dxc5 18. bxc5 Kh8 19. Bf4 Bc8 20. cxb6 cxb6 21.
Qc7 Nf7 22. Nd4 g5 23. Be3 Qxc7 24. Rxc7 Rd8 25. f4 gxf4 26. gxf4 Nh6 27. h3
Rf7 28. Rxf7 Nxf7 29. Rd2 Bd7 30. Bd5 Kg7 31. Be6 Kg6 32. Bxd7 Rxd7 33. Nb5 Re7
34. Kf2 a6 35. Nd6 Re6 36. Nxf7 Kxf7 37. a4 b5 38. axb5 axb5 39. Rd7+ Re7 40.
Rd5 Rb7 41. Rxf5 Ke6 42. Rc5 b4 43. Rc6+ Kf7 44. Bc1 b3 45. e4 b2 46. Bxb2
Rxb2+ 47. Kf3 Rb3+ 48. Kg4 Kg6 49. f5+ Kg7 50. Rc7+ Kg8 51. Rc8+ Kf7 52. Rc7+
Kg8 53. Rc8+ Kf7 54. Rc7+ Kg8 1/2-1/2

[Event "10. Copenhagen Open"]
[Site "Copenhagen"]
[Date "1988.??.??"]
[Round "6"]
[White "Inkiov, Ventzislav"]
[Black "Jakobsen, Ole"]
[Result "1/2-1/2"]
[WhiteElo "2490"]
[BlackElo "2385"]
[PlyCount "27"]
[EventDate "1988.??.??"]
[EventType "swiss"]
[EventRounds "10"]
[EventCountry "DEN"]
[SourceDate "2004.01.01"]

1. d4 Nf6 2. c4 c5 3. e3 g6 4. Nc3 Bg7 5. Nf3 O-O 6. Be2 cxd4 7. exd4 d5 8. O-O
dxc4 9. Bxc4 Bg4 10. Be3 Nc6 11. d5 Ne5 12. Be2 Nxf3+ 13. Bxf3 Bxf3 14. Qxf3
1/2-1/2

[Event "10. Copenhagen Open"]
[Site "Copenhagen"]
[Date "1988.??.??"]
[Round "6"]
[White "Iskov, Gert"]
[Black "Sarosi, Zoltan"]
[Result "1/2-1/2"]
[WhiteElo "2345"]
[BlackElo "2315"]
[PlyCount "65"]
[EventDate "1988.??.??"]
[EventType "swiss"]
[EventRounds "10"]
[EventCountry "DEN"]
[SourceDate "2004.01.01"]

1. e4 c6 2. d4 d5 3. exd5 cxd5 4. c4 Nf6 5. Nc3 Nc6 6. Bg5 Qa5 7. Bxf6 exf6 8.
cxd5 Bb4 9. Qd2 Bxc3 10. bxc3 Qxd5 11. Ne2 O-O 12. Nf4 Qd6 13. Be2 Bf5 14. O-O
Rac8 15. Rac1 Rfd8 16. Rfd1 Rc7 17. g3 b6 18. Bf1 Ne5 19. Bg2 Bg4 20. Re1 Nf3+
21. Bxf3 Bxf3 22. Qe3 Bc6 23. d5 Bb5 24. Rb1 Bc4 25. a4 g6 26. Rb4 Rdc8 27. h4
Ba6 28. Re4 Rxc3 29. Re8+ Kg7 30. Qe7 Rxe8 31. Qxe8 Qc5 32. Kg2 Rc2 33. Qe3
1/2-1/2

[Event "10. Copenhagen Open"]
[Site "Copenhagen"]
[Date "1988.??.??"]
[Round "6"]
[White "Jadoul, Michel"]
[Black "Kruszynski, Wlodzimierz"]
[Result "1-0"]
[WhiteElo "2400"]
[BlackElo "2335"]
[PlyCount "63"]
[EventDate "1988.??.??"]
[EventType "swiss"]
[EventRounds "10"]
[EventCountry "DEN"]
[SourceDate "2004.01.01"]

1. e4 c5 2. Nf3 e6 3. d3 d5 4. Nbd2 Nc6 5. g3 Nf6 6. Bg2 Be7 7. O-O b6 8. Re1
Bb7 9. e5 Nd7 10. c4 d4 11. h4 Qc7 12. Ne4 Ncxe5 13. Nxe5 Nxe5 14. Bf4 O-O 15.
Qh5 f6 16. Ng5 fxg5 17. Bxe5 Qd7 18. hxg5 Bxg2 19. Kxg2 Qe8 20. Qxe8 Rfxe8 21.
f4 Kf7 22. Re2 Bf8 23. Kf3 h6 24. gxh6 gxh6 25. a4 Rec8 26. Rh1 a6 27. b3 Ra7
28. g4 Kg6 29. Bd6 Kg7 30. Rxe6 Kf7 31. f5 Rc6 32. Bb8 1-0

[Event "10. Copenhagen Open"]
[Site "Copenhagen"]
[Date "1988.??.??"]
[Round "6"]
[White "Levitt, Jonathan"]
[Black "Djurhuus, Rune"]
[Result "1-0"]
[WhiteElo "2440"]
[BlackElo "2315"]
[PlyCount "83"]
[EventDate "1988.??.??"]
[EventType "swiss"]
[EventRounds "10"]
[EventCountry "DEN"]
[SourceDate "2004.01.01"]

1. d4 Nf6 2. c4 d6 3. Nc3 g6 4. Bf4 Bg7 5. e3 O-O 6. Nf3 Nbd7 7. h3 c6 8. Be2
a6 9. O-O b5 10. a3 Bb7 11. Rc1 Qb6 12. Qc2 Rfc8 13. Rfd1 bxc4 14. Bxc4 c5 15.
d5 a5 16. b3 Qd8 17. e4 Nb6 18. Bb5 Ne8 19. a4 Nc7 20. Bc4 Ba6 21. Qe2 Bxc4 22.
bxc4 Qd7 23. e5 Ne8 24. Re1 Nxa4 25. e6 fxe6 26. Nxa4 Qxa4 27. Qxe6+ Kh8 28.
Ng5 h6 29. Nf7+ Kh7 30. Qxe7 Rc7 31. Qe6 Bf8 32. Bxd6 Nxd6 33. Nxd6 Ra6 34. Qf6
Bg7 35. Re7 Rxe7 36. Qxe7 Qa3 37. Re1 Qc3 38. Ne8 Ra7 39. Nf6+ Qxf6 40. Qxa7
Qc3 41. Qe7 a4 42. d6 1-0

[Event "10. Copenhagen Open"]
[Site "Copenhagen"]
[Date "1988.??.??"]
[Round "6"]
[White "Mortensen, Peter Munch"]
[Black "Siklosi, Zoltan"]
[Result "0-1"]
[WhiteElo "2290"]
[BlackElo "2265"]
[PlyCount "77"]
[EventDate "1988.??.??"]
[EventType "swiss"]
[EventRounds "10"]
[EventCountry "DEN"]
[SourceDate "2004.01.01"]

1. d4 Nf6 2. Nf3 d5 3. c4 e6 4. Nc3 Nbd7 5. Bf4 dxc4 6. e3 c5 7. Bxc4 a6 8. a4
cxd4 9. exd4 Nb6 10. Bb3 Nbd5 11. Bg5 Bb4 12. Rc1 Qa5 13. O-O O-O 14. Qd3 Bd7
15. Ne5 Bc6 16. Nxd5 Nxd5 17. Qg3 Rfc8 18. Bh6 Bf8 19. f4 Qd2 20. Nc4 Qxd4+ 21.
Kh1 Ne7 22. Rcd1 Qc5 23. Bg5 Nf5 24. Qh3 Bd5 25. Rxd5 Qxd5 26. Ne5 Qe4 27. Qh5
g6 28. Qd1 Qd4 29. Qe2 Bg7 30. Rd1 Qe3 31. Qxe3 Nxe3 32. Re1 Nf5 33. g4 h6 34.
Bh4 Nxh4 35. Kg1 Bxe5 36. Rxe5 Nf3+ 37. Kf1 Nxe5 38. Bxe6 fxe6 39. fxe5 0-1

[Event "10. Copenhagen Open"]
[Site "Copenhagen"]
[Date "1988.??.??"]
[Round "6"]
[White "Nilsson, Nils Specht"]
[Black "Salanki, Endre"]
[Result "0-1"]
[WhiteElo "2230"]
[BlackElo "2335"]
[PlyCount "134"]
[EventDate "1988.??.??"]
[EventType "swiss"]
[EventRounds "10"]
[EventCountry "DEN"]
[SourceDate "2004.01.01"]

1. e4 g6 2. d4 Bg7 3. c3 d6 4. g3 Nf6 5. Bg2 O-O 6. Ne2 e5 7. O-O Nc6 8. h3 Qe8
9. d5 Ne7 10. g4 h6 11. Ng3 g5 12. Nf5 Ng6 13. Re1 Bxf5 14. gxf5 Nf4 15. Nd2
Kh7 16. Nf1 Rg8 17. Ng3 Bh8 18. f3 h5 19. c4 Bg7 20. Kf2 Bh6 21. Rh1 a5 22. Bf1
b6 23. Be3 Qf8 24. Be2 Qg7 25. Qd2 Qf8 26. Rag1 Rg7 27. Ke1 Qe8 28. b3 Kh8 29.
a3 Qe7 30. Kd1 Rag8 31. Kc2 Rh7 32. Kb2 Qd8 33. Bd1 Rgg7 34. Ne2 Nd7 35. b4
axb4 36. axb4 Rg8 37. Nc3 Nf6 38. Ne2 Qe7 39. Nxf4 gxf4 40. Rxg8+ Nxg8 41. Bf2
Rg7 42. Be2 Rg2 43. Bf1 Qg5 44. Qe2 Rg3 45. h4 Qd8 46. Bxg3 fxg3 47. Rh3 Bf4
48. Qg2 Nh6 49. Bd3 Qg8 50. Bc2 b5 51. Bd3 bxc4 52. Bxc4 Qb8 53. Kb3 Qa7 54.
Rh1 Qe3+ 55. Kc2 Qd4 56. Kb3 Bd2 57. Ka4 Qb2 58. Bb3 Qc3 59. Ka3 Qxb4+ 60. Kb2
Qc3+ 61. Ka2 Qa5+ 62. Kb1 Bc3 63. Ba2 Bd4 64. Qxg3 Qc3 65. Rh2 Qa1+ 66. Kc2
Qxa2+ 67. Kd1 Qb3+ 0-1

[Event "10. Copenhagen Open"]
[Site "Copenhagen"]
[Date "1988.??.??"]
[Round "6"]
[White "Plachetka, Jan"]
[Black "Callergard, Robert"]
[Result "1-0"]
[WhiteElo "2415"]
[BlackElo "2340"]
[PlyCount "101"]
[EventDate "1988.??.??"]
[EventType "swiss"]
[EventRounds "10"]
[EventCountry "DEN"]
[SourceDate "2004.01.01"]

1. d4 Nf6 2. Nf3 e6 3. g3 b5 4. Bg2 Bb7 5. O-O c5 6. c3 Na6 7. Bg5 Be7 8. Nbd2
O-O 9. Re1 Rc8 10. e4 h6 11. Bxf6 Bxf6 12. e5 Be7 13. Ne4 Qb6 14. a3 cxd4 15.
Qxd4 Qxd4 16. Nxd4 Rb8 17. Rad1 Rfd8 18. Rd2 Bxe4 19. Bxe4 Nc5 20. Bc2 Rb6 21.
b4 Nb7 22. a4 bxa4 23. Bxa4 a5 24. b5 Rc8 25. Re3 f6 26. Nb3 fxe5 27. Rxd7 Bg5
28. Rxe5 Rxc3 29. Kg2 Bf6 30. Re3 Rc8 31. h4 Kf8 32. Re2 Rc4 33. Rxb7 Rxb7 34.
Nxa5 Rxa4 35. Nxb7 Rb4 36. Rxe6 Rxb5 37. Nd6 Rb8 38. h5 Be7 39. Nf5 Bf6 40.
Nxh6 Rb5 41. g4 Rb4 42. f3 Bg5 43. Nf5 Bf4 44. Re2 Kf7 45. Re7+ Kf6 46. Rxg7
Rb2+ 47. Kf1 Rb1+ 48. Ke2 Rb2+ 49. Kd3 Rb3+ 50. Ke4 Rb4+ 51. Kd5 1-0

[Event "10. Copenhagen Open"]
[Site "Copenhagen"]
[Date "1988.??.??"]
[Round "6"]
[White "Sinkovics, Peter"]
[Black "Hvenekilde, Jorgen"]
[Result "0-1"]
[WhiteElo "2310"]
[BlackElo "2320"]
[PlyCount "178"]
[EventDate "1988.??.??"]
[EventType "swiss"]
[EventRounds "10"]
[EventCountry "DEN"]
[SourceDate "2004.01.01"]

1. d4 d5 2. Nf3 Nf6 3. c4 e6 4. Nc3 Be7 5. Bg5 O-O 6. e3 a6 7. c5 b6 8. cxb6
cxb6 9. Bd3 Nc6 10. O-O h6 11. Bh4 Bb7 12. Rc1 Re8 13. Na4 Nd7 14. Bg3 b5 15.
Nc3 Rc8 16. a4 b4 17. Nb1 Qb6 18. Nbd2 Na5 19. Qe2 Rc6 20. e4 dxe4 21. Bxe4
Rxc1 22. Rxc1 Rc8 23. Rxc8+ Bxc8 24. Nc4 Qd8 25. Nxa5 Qxa5 26. Qc4 Qd8 27. Bc7
Qf8 28. h3 Nf6 29. Bc6 Bd6 30. Bb6 Qe7 31. Ne5 Bb7 32. a5 Nd5 33. Bc5 Bxc5 34.
dxc5 Bxc6 35. Nxc6 Qb7 36. Nd4 Qc7 37. Nb3 Qc6 38. g3 Kf8 39. Kh2 h5 40. Qh4 g6
41. Qd8+ Kg7 42. Qh4 Qb5 43. Qd4+ Kg8 44. Kg2 Kh7 45. Qe4 Kg8 46. Qc2 Qc6 47.
Kf1 h4 48. Qd3 hxg3 49. fxg3 Qc7 50. Kf2 Qe5 51. Qe2 Qf5+ 52. Kg2 Ne7 53. Kh2
Qd5 54. Qc2 Nc6 55. g4 e5 56. Kg3 e4 57. Kf2 Qe5 58. Ke3 f5 59. gxf5 gxf5 60.
Qg2+ Kf7 61. Qg5 Ne7 62. Qh5+ Kg7 63. Qg5+ Ng6 64. Ke2 Qh2+ 65. Ke1 Qh1+ 66.
Kd2 Qxh3 67. Qe3 Qg2+ 68. Qe2 Qxe2+ 69. Kxe2 Ne7 70. Ke3 Kf6 71. Kd4 Ke6 72. c6
Kd6 73. c7 Nc6+ 74. Ke3 Kxc7 75. Kf4 Kd6 76. Kxf5 e3 77. Nc1 Nd4+ 78. Ke4 e2
79. Nxe2 Nxe2 80. Kd3 Nf4+ 81. Kc4 Nd5 82. Kb3 Kc6 83. Kc4 Kd6 84. Kb3 Kc5 85.
Ka4 b3 86. Kxb3 Kb5 87. Ka3 Nb4 88. Kb3 Nc6 89. Ka3 Nxa5 0-1

[Event "10. Copenhagen Open"]
[Site "Copenhagen"]
[Date "1988.??.??"]
[Round "6"]
[White "Thorsteins, Karl"]
[Black "Sorensen, Henrik"]
[Result "1-0"]
[WhiteElo "2440"]
[BlackElo "2265"]
[PlyCount "47"]
[EventDate "1988.??.??"]
[EventType "swiss"]
[EventRounds "10"]
[EventCountry "DEN"]
[SourceDate "2004.01.01"]

1. d4 Nf6 2. c4 c5 3. d5 b5 4. cxb5 a6 5. e3 Bb7 6. Nc3 Qa5 7. bxa6 Bxd5 8. Bd2
Bc6 9. Nf3 d6 10. a3 Nxa6 11. Nd5 Qd8 12. Nxf6+ gxf6 13. b4 Qd7 14. a4 cxb4 15.
Nd4 Nc7 16. Nxc6 Qxc6 17. Rc1 Qb7 18. Rxc7 Qxc7 19. Bb5+ Kd8 20. Qf3 Rb8 21.
O-O Rg8 22. Rc1 Qb7 23. Bxb4 Qb6 24. Ba5 1-0

[Event "10. Copenhagen Open"]
[Site "Copenhagen"]
[Date "1988.??.??"]
[Round "6"]
[White "Welling, Gerard"]
[Black "Kupreichik, Victor"]
[Result "1/2-1/2"]
[WhiteElo "2355"]
[BlackElo "2510"]
[PlyCount "137"]
[EventDate "1988.??.??"]
[EventType "swiss"]
[EventRounds "10"]
[EventCountry "DEN"]
[SourceDate "2004.01.01"]

1. Nf3 Nf6 2. e3 g6 3. b3 Bg7 4. Bb2 O-O 5. Be2 d6 6. d4 Nbd7 7. c4 e5 8. Nc3
c6 9. Qc2 Re8 10. h3 Qe7 11. Ba3 exd4 12. Nxd4 c5 13. Nf3 Ne4 14. Bb2 Nxc3 15.
Bxc3 Nf6 16. Qb2 Be6 17. O-O d5 18. cxd5 Bxd5 19. Rad1 Red8 20. Rd2 b6 21. Rfd1
Bb7 22. Ne5 Rxd2 23. Rxd2 Ne4 24. Rd7 Qxd7 25. Nxd7 Nxc3 26. f4 Re8 27. Ne5
Bxe5 28. fxe5 Nxe2+ 29. Qxe2 Rxe5 30. Qd2 Rd5 31. Qc3 h5 32. h4 Bc8 33. Kh2 Be6
34. Kg3 Kh7 35. Kf4 Rf5+ 36. Kg3 c4 37. bxc4 Rc5 38. Qa3 a5 39. Qb2 Rxc4 40.
Qxb6 Ra4 41. a3 Rxa3 42. Kf4 Ra2 43. Ke5 a4 44. Qb4 a3 45. Qc3 Rxg2 46. Qxa3
Rg3 47. Kf6 Rf3+ 48. Ke7 g5 49. Qc5 Rf5 50. Qd4 gxh4 51. Kf8 Rg5 52. Qxh4 Kg6
53. Qe4+ Kf6 54. Qd4+ Re5 55. e4 Bg4 56. Qf2+ Kg6 57. Qxf7+ Kg5 58. Kg7 Re6 59.
Qc7 Rxe4 60. Qd6 Bf5 61. Qd2+ Rf4 62. Qd8+ Kg4 63. Qd1+ Rf3 64. Kh6 h4 65. Qg1+
Rg3 66. Qd1+ Kf4 67. Qd4+ Be4 68. Qf6+ Kg4 69. Qxh4+ 1/2-1/2

[Event "10. Copenhagen Open"]
[Site "Copenhagen"]
[Date "1988.??.??"]
[Round "6"]
[White "Westerinen, Heikki"]
[Black "Wegner, Hannu"]
[Result "1/2-1/2"]
[WhiteElo "2395"]
[BlackElo "2320"]
[PlyCount "35"]
[EventDate "1988.??.??"]
[EventType "swiss"]
[EventRounds "10"]
[EventCountry "DEN"]
[SourceDate "2004.01.01"]

1. e4 e5 2. f4 exf4 3. Bc4 d6 4. d4 Nf6 5. Nc3 Bg4 6. Nf3 Nh5 7. O-O g6 8. Ne2
Bg7 9. Nxf4 Nc6 10. Nxh5 Bxh5 11. h3 Bxd4+ 12. Kh1 Bxf3 13. Bxf7+ Kd7 14. Rxf3
Qh4 15. Rf4 Qg3 16. Rf3 Qh4 17. Rf4 Qg3 18. Rf3 1/2-1/2

[Event "10. Copenhagen Open"]
[Site "Copenhagen"]
[Date "1988.??.??"]
[Round "7"]
[White "Bang, Andreas"]
[Black "Hoiberg, Nina"]
[Result "1/2-1/2"]
[WhiteElo "2250"]
[BlackElo "2285"]
[PlyCount "59"]
[EventDate "1988.??.??"]
[EventType "swiss"]
[EventRounds "10"]
[EventCountry "DEN"]
[SourceDate "2004.01.01"]

1. Nf3 Nc6 2. d4 d5 3. Bf4 Nf6 4. e3 e6 5. Be2 Bd6 6. O-O O-O 7. Nbd2 Ne4 8. c3
f5 9. Ne1 e5 10. dxe5 Nxe5 11. Nxe4 dxe4 12. Qd5+ Nf7 13. Bxd6 Qxd6 14. Bc4
Qxd5 15. Bxd5 Rd8 16. Bb3 Kf8 17. f3 exf3 18. Nxf3 Ke7 19. Bxf7 Kxf7 20. Nd4 g6
21. e4 c5 22. Nb5 a6 23. Nc7 Ra7 24. exf5 gxf5 25. c4 b5 26. Nd5 Be6 27. Rae1
bxc4 28. Nf4 Bc8 29. Re5 Rb7 30. Rxc5 1/2-1/2

[Event "10. Copenhagen Open"]
[Site "Copenhagen"]
[Date "1988.??.??"]
[Round "7"]
[White "Berg, Klaus"]
[Black "Horvath, Tamas"]
[Result "1/2-1/2"]
[WhiteElo "2370"]
[BlackElo "2415"]
[PlyCount "22"]
[EventDate "1988.??.??"]
[EventType "swiss"]
[EventRounds "10"]
[EventCountry "DEN"]
[SourceDate "2004.01.01"]

1. d4 Nf6 2. c4 c5 3. e3 g6 4. Nc3 Bg7 5. Nf3 O-O 6. Be2 d6 7. O-O Bf5 8. b3
Nc6 9. Bb2 Ne4 10. Nxe4 Bxe4 11. Qd2 Qb6 1/2-1/2